<?xml version="1.0" encoding="UTF-8"?>
<collection xmlns="http://www.loc.gov/MARC21/slim">
  <record>
    <leader>00000nam  2200000   4500</leader>
    <controlfield tag="001">INLIS000000000018701</controlfield>
    <controlfield tag="005">20241206103511</controlfield>
    <datafield tag="035" ind1="#" ind2="#">
      <subfield code="a">0010-1224000072</subfield>
    </datafield>
    <controlfield tag="007">ta</controlfield>
    <controlfield tag="008">241206################g##########0#ind##</controlfield>
    <datafield tag="020" ind1="#" ind2="#">
      <subfield code="a">979 8190 83 1</subfield>
    </datafield>
    <datafield tag="082" ind1="#" ind2="#">
      <subfield code="a">658.81</subfield>
    </datafield>
    <datafield tag="084" ind1="#" ind2="#">
      <subfield code="a">658.81 SIM m</subfield>
    </datafield>
    <datafield tag="100" ind1=" " ind2="#">
      <subfield code="a">Simamora, Henry</subfield>
    </datafield>
    <datafield tag="245" ind1="1" ind2="#">
      <subfield code="a">Manajemen Pemasaran Internasional Jilid II /</subfield>
      <subfield code="c">Henry Simamora</subfield>
    </datafield>
    <datafield tag="250" ind1="#" ind2="#">
      <subfield code="a">Cetakan ke 1</subfield>
    </datafield>
    <datafield tag="260" ind1="#" ind2="#">
      <subfield code="a">Jakarta :</subfield>
      <subfield code="b">Salemba Empat,</subfield>
      <subfield code="c">2000</subfield>
    </datafield>
    <datafield tag="300" ind1="#" ind2="#">
      <subfield code="a">521 halaman :</subfield>
      <subfield code="b">ilus ;</subfield>
      <subfield code="c">26 cm</subfield>
    </datafield>
    <datafield tag="650" ind1="#" ind2="4">
      <subfield code="a">Marketing</subfield>
    </datafield>
    <datafield tag="520" ind1="#" ind2="#">
      <subfield code="a">Buku Manajemen Pemasaran Internasional yang terdiri atas dua jilid ini lebih ditujukan kepada para peserta program magister manajemen (dan mahasiswa program S1 jurusan manajemen yang berminat sangat serius untuk memahami bidang ini) untuk mendalami dan menguasai berbagai aspek pemasaran dalam konteks global. Dalam Jilid II antara lain dikupas: standardisasi produk internasional, strategi penentuan harga bagaimana yang ampuh untuk melempar produk ke pasar dunia, dan berbagai jenis countertrade serta masalah dan manfaatnya, dan saluran distribusi seperti apa yang paling ampuh untuk melayani pelanggan dunia serta bagaimana mendesain dan mengelola saluran distribusi tersebut. Di samping itu, dalam jilid II ini juga diulas aspek-aspek promosi internasional : apa peran promosi, strategi promosi seperti apa yang sebaiknya dilancarkan oleh perusahaan, bagaimana memformulasikan strategi promosi internasional, serta teknik penjualan pribadi, promosi penjualan, dan hubungan masyarakat dalam pemasaran internasional. Bagaimana merencanakan dan mengorganisasikan pemasaran internasional dibahas pula dalam jilid II buku ini.&#13;
&#13;
Buku ini mempunyai desain khusus sehingga memungkinkan para mahasiswa yang belum mengambil mata kuliah Pemasaran I dan II (sebagai prasyarat mata kuliah Manajemen Pemasaran Internasional) serta khalayak awam, yang bukan dari latar belakang jurusan manajemen, sanggup mengerti berbagai aspek manajemen pemasaran internasional! Desain khusus ini menjadi competitive advantage buku ini dibandingkan buku-buku teks manajemen pemasaran internasional lainnya yang memang masih terbilang sangat langka di pasar.</subfield>
    </datafield>
    <datafield tag="990" ind1="#" ind2="#">
      <subfield code="a">04128936</subfield>
    </datafield>
    <datafield tag="990" ind1="#" ind2="#">
      <subfield code="a">04128934</subfield>
    </datafield>
    <datafield tag="990" ind1="#" ind2="#">
      <subfield code="a">04128935</subfield>
    </datafield>
  </record>
</collection>
